[Event "Airthings Masters Div 2 L"]
[Site "chess.com INT"]
[Date "2023.02.08"]
[Round "3.1"]
[White "Bluebaum, Matthias"]
[Black "Kramnik, Vladimir"]
[Result "0-1"]
[WhiteTitle "GM"]
[BlackTitle "GM"]
[WhiteElo "2663"]
[BlackElo "2753"]
[WhiteFideId "24651516"]
[BlackFideId "4101588"]
[EventDate "2023.02.07"]

1. d4 Nf6 2. c4 e6 3. Nc3 d5 4. cxd5 exd5 5. Bf4 Bd6 6. Bxd6 Qxd6 7. e3 O-O 8.
Bd3 Re8 9. Nge2 b6 10. Rc1 c5 11. b3 Nc6 12. O-O Ng4 13. Ng3 cxd4 14. Nb5 Qh6
15. h3 Nce5 16. exd4 Nxf2 17. Bxh7+ Qxh7 18. Rxf2 Nd3 19. Nc7 Nxf2 20. Kxf2 Qh4
21. Nxe8 Qf4+ 22. Kg1 Qxg3 23. Qe1 Qf4 24. Nc7 Rb8 25. Qe8+ Kh7 26. Rf1 Qxc7 27.
Rxf7 Bf5 28. Rxc7 Rxe8 29. Rxa7 Re2 30. a4 Be4 31. Rb7 Rxg2+ 32. Kf1 Rg6 0-1

[Event "Airthings Masters Div 2 L"]
[Site "chess.com INT"]
[Date "2023.02.08"]
[Round "3.2"]
[White "Kramnik, Vladimir"]
[Black "Bluebaum, Matthias"]
[Result "1/2-1/2"]
[WhiteTitle "GM"]
[BlackTitle "GM"]
[WhiteElo "2753"]
[BlackElo "2663"]
[WhiteFideId "4101588"]
[BlackFideId "24651516"]
[EventDate "2023.02.07"]

1. d4 d5 2. Nf3 e6 3. c4 Nf6 4. e3 Bd6 5. Nc3 O-O 6. c5 Be7 7. b4 b6 8. Rb1 a5
9. a3 axb4 10. axb4 bxc5 11. bxc5 c6 12. Bd3 Nbd7 13. O-O e5 14. dxe5 Ng4 15.
Nd4 Ndxe5 16. Be2 Qd7 17. f4 Nc4 18. Bxg4 Qxg4 19. Nxc6 Bxc5 20. Qxg4 Bxg4 21.
Nxd5 Bd7 22. Nd4 Rfd8 23. Nc3 Re8 24. Rb7 Ra7 25. Rxa7 Bxa7 26. Kf2 Rc8 27. Rd1
Nxe3 28. Bxe3 Rxc3 29. Nf5 Rc7 30. Bxa7 Rxa7 31. Rd2 g6 32. Ne3 Be6 33. g3 h5
34. h4 Kg7 35. Rb2 Ra3 36. Rd2 Ra1 37. Rb2 Bd7 38. Rd2 Bc6 39. f5 Be4 40. fxg6
Kxg6 41. Rd6+ Kg7 42. g4 hxg4 43. Nxg4 f5 44. Nf6 Ba8 45. Nh5+ Kh7 46. Nf4 Be4
47. Rd7+ Kh6 48. Rd6+ Kg7 49. h5 Ra3 50. h6+ Kh7 51. Nh5 Rf3+ 52. Ke2 Ra3 53.
Nf6+ Kxh6 54. Nxe4+ Kg7 1/2-1/2

[Event "Airthings Masters Div 2 L"]
[Site "chess.com INT"]
[Date "2023.02.09"]
[Round "4.1"]
[White "Predke, Alexandr"]
[Black "Lazavik, Denis"]
[Result "1/2-1/2"]
[WhiteTitle "GM"]
[BlackTitle "GM"]
[WhiteElo "2684"]
[BlackElo "2541"]
[WhiteFideId "24107581"]
[BlackFideId "13515110"]
[EventDate "2023.02.07"]

1. e4 e5 2. Nf3 Nc6 3. Bb5 Nf6 4. d3 Bc5 5. O-O Nd4 6. Nxd4 Bxd4 7. Ba4 c6 8. c3
Bb6 9. Na3 d6 10. Bc2 O-O 11. Bg5 h6 12. Bh4 d5 13. exd5 cxd5 14. Bb3 Be6 15.
Nc2 a5 16. a4 Bc7 17. d4 e4 18. f4 exf3 19. Qxf3 Qd6 20. Bxf6 Qxh2+ 21. Kf2 gxf6
22. Rh1 Qf4 23. Ne3 Rfd8 24. Rh5 Qxf3+ 25. Kxf3 Kg7 26. Rah1 Rh8 27. Bxd5 Rab8
28. Be4 b6 29. Bc6 Rbg8 30. Nf5+ Bxf5 31. Rxf5 Rd8 32. Rh4 Rd6 33. Bb5 Bd8 34.
Re4 Re6 35. Rg4+ Kf8 36. Rd5 Be7 37. Rd7 h5 38. Rf4 h4 39. Ra7 Rh5 40. Ra8+ Kg7
41. Rg4+ Rg5 42. Rxh4 f5 43. Rah8 Reg6 44. Bf1 Rg4 45. R4h7+ Kf6 46. Rb8 Bd6 47.
Rxb6 Rf4+ 48. Ke2 Kg5 49. d5 Re4+ 50. Kd1 Rf4 51. Be2 Rf2 52. Rxf7 Rxg2 53. Bd3
Rf2 54. b4 axb4 55. cxb4 Rh6 56. Rxf5+ Rxf5 57. Bxf5 Kxf5 58. a5 Ke5 59. a6 Rh8
60. Kc2 Kxd5 61. Kb3 Bc7 62. Rg6 Bd6 63. Ka4 Rh1 64. Kb5 Ra1 65. Rg7 Bxb4 66.
Rg5+ Kd6 67. Rg6+ Kc7 68. Kxb4 Rb1+ 69. Kc5 Rc1+ 70. Kd5 Rd1+ 71. Kc5 Rc1+ 72.
Kd5 Rd1+ 73. Kc5 Rc1+ 1/2-1/2

[Event "Airthings Masters Div 2 L"]
[Site "chess.com INT"]
[Date "2023.02.09"]
[Round "4.2"]
[White "Lazavik, Denis"]
[Black "Predke, Alexandr"]
[Result "1/2-1/2"]
[WhiteTitle "GM"]
[BlackTitle "GM"]
[WhiteElo "2541"]
[BlackElo "2684"]
[WhiteFideId "13515110"]
[BlackFideId "24107581"]
[EventDate "2023.02.07"]

1. d4 Nf6 2. c4 e6 3. Nf3 Bb4+ 4. Bd2 Qe7 5. g3 Bxd2+ 6. Qxd2 Nc6 7. Nc3 d5 8.
Ne5 dxc4 9. Nxc4 O-O 10. Bg2 Rd8 11. e3 e5 12. d5 e4 13. O-O Bf5 14. Rad1 Qc5
15. Qe2 Nb4 16. Rd4 Nbxd5 17. Nxe4 Nxe4 18. Bxe4 Bxe4 19. Rxe4 Nf6 20. Re5 Qc6
21. Na5 Qd6 22. Rb5 b6 23. Nc4 Qe6 24. Re5 Qc6 25. f3 Rd7 26. Rg5 Qe6 27. Re5
Qc6 28. Rg5 Re7 29. Re5 Rxe5 30. Nxe5 Qe6 31. Nc4 Rd8 32. e4 g6 33. b3 Rd4 34.
Rd1 Qd7 35. Rxd4 Qxd4+ 36. Qf2 Qd1+ 37. Kg2 h5 38. Qd2 Qxd2+ 39. Nxd2 Kf8 40.
Kf2 Ke7 41. Ke3 c5 42. h3 Ke6 43. f4 Nd7 44. g4 hxg4 45. hxg4 Nb8 46. f5+ Kf6
47. Nf3 Nc6 48. g5+ Ke7 49. Kf4 Nb4 50. fxg6 fxg6 51. Ne5 Nxa2 52. Nxg6+ Ke6 53.
Nf8+ Kf7 54. Nd7 Ke6 55. Nf8+ Kf7 56. Nd7 Ke6 57. Nf8+ 1/2-1/2

[Event "Airthings Masters Div 2 L"]
[Site "chess.com INT"]
[Date "2023.02.09"]
[Round "4.3"]
[White "Predke, Alexandr"]
[Black "Lazavik, Denis"]
[Result "1-0"]
[WhiteTitle "GM"]
[BlackTitle "GM"]
[WhiteElo "2684"]
[BlackElo "2541"]
[WhiteFideId "24107581"]
[BlackFideId "13515110"]
[EventDate "2023.02.07"]

1. e4 e5 2. Nf3 Nc6 3. Bb5 Nf6 4. d3 Bc5 5. O-O Nd4 6. Nxd4 Bxd4 7. Ba4 c6 8. c3
Bb6 9. Na3 d6 10. Bc2 Be6 11. Nc4 Bc7 12. Qe2 Qe7 13. Re1 h6 14. a4 a5 15. Ne3
d5 16. Qf3 O-O 17. Nf5 Bxf5 18. Qxf5 dxe4 19. dxe4 Bb6 20. Re2 g6 21. Qh3 h5 22.
Bg5 Rad8 23. Bb3 Rd6 24. Qh4 Kg7 25. Kh1 Qd7 26. f4 Ng4 27. fxe5 Nxe5 28. Be7
Re8 29. Bxd6 Qxd6 30. Rd1 Qc7 31. Qf4 Qe7 32. h3 Bc7 33. Qf2 Bb8 34. Rf1 Rf8 35.
Rd2 f6 36. Rfd1 Re8 37. Qb6 Kh6 38. Rd8 Rxd8 39. Qxd8 Qxd8 40. Rxd8 Ba7 41. Rc8
Be3 42. Bc2 c5 43. Rb8 Kg5 44. g3 h4 45. gxh4+ Kxh4 46. Kg2 Kg5 47. Rxb7 f5 48.
exf5 gxf5 49. Rb8 f4 50. Be4 Nc4 51. b4 axb4 52. cxb4 Nd2 53. Bf3 c4 54. Rc8 Bd4
55. a5 c3 56. a6 Nb1 57. b5 Kf6 58. h4 Na3 59. Rxc3 Nxb5 60. Rc6+ Ke5 61. h5 Nd6
62. h6 Nf5 63. h7 Nh4+ 64. Kh3 Nxf3 65. h8=Q+ Ke4 66. Rc4 Kd3 67. Rxd4+ Nxd4 68.
a7 f3 69. a8=Q Ne2 70. Qa6+ Ke3 71. Qe5+ Kf2 72. Qb6+ Kf1 73. Qa1+ 1-0

[Event "Airthings Masters Div 2 L"]
[Site "chess.com INT"]
[Date "2023.02.09"]
[Round "4.1"]
[White "Yakubboev, Nodirbek"]
[Black "Kramnik, Vladimir"]
[Result "0-1"]
[WhiteTitle "GM"]
[BlackTitle "GM"]
[WhiteElo "2630"]
[BlackElo "2753"]
[WhiteFideId "14203987"]
[BlackFideId "4101588"]
[EventDate "2023.02.07"]

1. e4 e5 2. Nf3 Nc6 3. Bc4 Bc5 4. Nc3 Nf6 5. d3 a6 6. h3 d6 7. a4 h6 8. Be3 Bxe3
9. fxe3 Be6 10. Rf1 Bxc4 11. dxc4 Nd7 12. a5 Nc5 13. Kf2 O-O 14. Kg1 g6 15. Nd2
Kg7 16. Nd5 Ne7 17. Qf3 Nxd5 18. cxd5 Qg5 19. b4 Nd7 20. Qe2 Qh4 21. Rf3 Nf6 22.
Qc4 Rac8 23. Raf1 Nh7 24. Kh2 Qe7 25. Qd3 h5 26. R3f2 Ng5 27. c4 c6 28. Nf3
Nxf3+ 29. Rxf3 cxd5 30. Qxd5 f6 31. Rd1 Qf7 32. Qxd6 Rxc4 33. Rdf1 Rc6 34. Qd2
Qc4 35. Rd1 Rf7 36. Rf2 Rc8 37. Rff1 Qxe4 38. Rc1 Rcf8 39. Rc5 g5 40. Rfc1 g4
41. R1c4 Qg6 42. Qf2 gxh3 43. gxh3 Kh7 44. Rc7 f5 45. Rxf7+ Rxf7 46. Rc1 Rg7 47.
Qf3 h4 48. Kh1 Kh6 49. Rf1 Qg3 50. Qxg3 Rxg3 51. Rxf5 Rxh3+ 52. Kg2 Rxe3 53. Rf7
Rb3 54. Rxb7 Kg5 55. Rb6 Kg4 56. Rg6+ Kf4 57. Rf6+ Ke4 58. Rxa6 Rxb4 59. Kh3 Ke3
60. Re6 Kf4 61. a6 Ra4 62. Rf6+ Kg5 63. Re6 Ra3+ 64. Kg2 Kf5 65. Rh6 Kg4 66.
Rg6+ Kf4 67. Rf6+ Kg5 68. Re6 h3+ 69. Kh2 Kf4 70. Rf6+ Kg4 71. Rg6+ Kf4 72. Rf6+
Ke4 73. Rh6 Kd4 74. Rd6+ Kc5 75. Re6 Kd5 76. Rf6 e4 77. Rh6 Kd4 78. Re6 Kd5 79.
Rh6 Ke5 80. Rg6 e3 81. Rg3 Kf4 82. Rg6 e2 83. Re6 Kf3 84. Rf6+ Ke3 85. Re6+ Kf2
86. Rf6+ Ke1 87. Re6 Ra2 88. Kxh3 Kf1 89. Rf6+ Kg1 90. Rg6+ Kf2 91. Rf6+ Ke3 92.
Re6+ Kf3 93. Rf6+ Ke4 94. Re6+ Kf5 95. Re7 Kf4 96. Rf7+ Ke3 97. Re7+ Kd2 98.
Rd7+ Ke3 99. Re7+ Kf4 100. Re6 Rxa6 101. Rxa6 e1=Q 102. Rf6+ Kg5 103. Rf3 Qh1+
104. Kg3 Qg1+ 0-1

[Event "Airthings Masters Div 2 L"]
[Site "chess.com INT"]
[Date "2023.02.09"]
[Round "4.2"]
[White "Kramnik, Vladimir"]
[Black "Yakubboev, Nodirbek"]
[Result "0-1"]
[WhiteTitle "GM"]
[BlackTitle "GM"]
[WhiteElo "2753"]
[BlackElo "2630"]
[WhiteFideId "4101588"]
[BlackFideId "14203987"]
[EventDate "2023.02.07"]

1. d4 Nf6 2. Nf3 g6 3. g3 Bg7 4. Bg2 O-O 5. O-O d6 6. Nc3 Bf5 7. Nh4 Bc8 8. e4
e5 9. dxe5 dxe5 10. Qxd8 Rxd8 11. Bg5 c6 12. f4 h6 13. Bxf6 Bxf6 14. Nf3 exf4
15. gxf4 Na6 16. a3 Bg4 17. Rfd1 Bxc3 18. bxc3 Nc5 19. Rd4 Ne6 20. Ne5 Nxd4 21.
cxd4 Be6 22. c3 Kg7 23. Rb1 Rab8 24. Kf2 f6 25. Nd3 b6 26. Ke3 Bc4 27. Nb4 Rbc8
28. e5 Bd5 29. Bh3 Rc7 30. Rg1 fxe5 31. dxe5 Kf7 32. Rd1 a5 33. Nc2 Re8 34. Nd4
g5 35. Nf5 Kg6 36. Nd6 gxf4+ 37. Kd4 Rf8 38. c4 Bg8 39. Rg1+ Kh7 40. e6 f3 41.
Ke5 f2 42. Rf1 Re7 43. Ne4 Kg7 44. Rxf2 Rxf2 45. Nxf2 b5 46. cxb5 cxb5 47. Nd3
Kf8 48. Kd6 Ra7 49. Nc5 Kg7 50. e7 Bf7 51. Bd7 b4 52. axb4 axb4 53. e8=Q Bxe8
54. Bxe8 Ra2 55. h4 Rh2 56. h5 Rh3 57. Bg6 b3 58. Kd5 b2 59. Na4 Rxh5+ 60. Ke6
Kxg6 61. Nxb2 Rb5 62. Nc4 Kg5 63. Ne5 Rxe5+ 0-1

[Event "Airthings Masters Div 2 L"]
[Site "chess.com INT"]
[Date "2023.02.09"]
[Round "4.3"]
[White "Yakubboev, Nodirbek"]
[Black "Kramnik, Vladimir"]
[Result "1-0"]
[WhiteTitle "GM"]
[BlackTitle "GM"]
[WhiteElo "2630"]
[BlackElo "2753"]
[WhiteFideId "14203987"]
[BlackFideId "4101588"]
[EventDate "2023.02.07"]

1. c4 c6 2. d4 d5 3. cxd5 cxd5 4. Bf4 Nf6 5. e3 Nc6 6. Bd3 Bg4 7. f3 Bh5 8. Qb3
Qd7 9. Bb5 e6 10. Nd2 Rc8 11. Ne2 Bg6 12. Rc1 Be7 13. Kf2 O-O 14. Rc3 Nh5 15.
Rhc1 f6 16. Bxc6 bxc6 17. Qa4 Be8 18. Nb3 g5 19. Bg3 e5 20. Nc5 Bxc5 21. Rxc5
Qe7 22. Qa3 Rc7 23. Qc3 Qe6 24. dxe5 Nxg3 25. Nxg3 fxe5 26. e4 Rcf7 27. h3 g4
28. hxg4 Qxg4 29. Qxe5 Rxf3+ 30. gxf3 Qxf3+ 31. Ke1 Bh5 32. Qg5+ Kh8 33. R5c2
Bg4 34. Qe5+ Kg8 35. Re2 d4 36. Rxc6 d3 37. Rc7 Rf6 38. Qg5+ 1-0

[Event "Airthings Masters Div 2 L"]
[Site "chess.com INT"]
[Date "2023.02.09"]
[Round "5.1"]
[White "Predke, Alexandr"]
[Black "Yakubboev, Nodirbek"]
[Result "0-1"]
[WhiteTitle "GM"]
[BlackTitle "GM"]
[WhiteElo "2684"]
[BlackElo "2630"]
[WhiteFideId "24107581"]
[BlackFideId "14203987"]
[EventDate "2023.02.07"]

1. e4 c5 2. Nf3 Nc6 3. Bb5 e6 4. O-O Nge7 5. d4 cxd4 6. Nxd4 Ng6 7. Be3 Be7 8.
c3 O-O 9. a4 Qc7 10. Nd2 b6 11. f4 Bb7 12. Qh5 Nxd4 13. cxd4 f5 14. Rac1 Qd8 15.
Bd3 Nh4 16. g3 fxe4 17. Bxe4 Bxe4 18. Nxe4 Nf5 19. Bf2 Rc8 20. Nc3 Bb4 21. d5
Bxc3 22. bxc3 Qf6 23. g4 Qh6 24. Qg5 Qxg5 25. fxg5 Ne7 26. dxe6 dxe6 27. Rfe1
Rc6 28. Bd4 Ng6 29. Re3 Rf4 30. Rce1 Rxg4+ 31. Kh1 Kf7 32. Rf3+ Kg8 33. Rfe3
Rxg5 34. Rxe6 Rxe6 35. Rxe6 Rd5 36. Rc6 Rd7 37. Rc8+ Kf7 38. a5 bxa5 39. Rc5 Ne7
40. Rxa5 Nc6 41. Ra6 Nxd4 42. cxd4 Ke8 43. Kg2 Rf7 44. Rd6 Ke7 45. Ra6 Kd8 46.
Kg3 Kc8 47. Ra1 Kb7 48. Rb1+ Kc6 49. Ra1 Kb5 50. d5 a5 51. Rd1 Kc5 52. d6 Kc6
53. Ra1 Ra7 54. Rd1 a4 55. Kf4 a3 56. Rd2 Kd7 0-1

[Event "Airthings Masters Div 2 L"]
[Site "chess.com INT"]
[Date "2023.02.09"]
[Round "5.2"]
[White "Yakubboev, Nodirbek"]
[Black "Predke, Alexandr"]
[Result "1-0"]
[WhiteTitle "GM"]
[BlackTitle "GM"]
[WhiteElo "2630"]
[BlackElo "2684"]
[WhiteFideId "14203987"]
[BlackFideId "24107581"]
[EventDate "2023.02.07"]

1. d4 Nf6 2. Nf3 e6 3. c4 d5 4. Nc3 c6 5. e3 Nbd7 6. Qc2 Bd6 7. Bd2 Qe7 8. Be2
O-O 9. O-O dxc4 10. Bxc4 e5 11. h3 e4 12. Ng5 Nb6 13. Bb3 Bf5 14. f3 Nh5 15.
Nxf7 Rxf7 16. Bxf7+ Qxf7 17. fxe4 Qc7 18. Rxf5 Bh2+ 19. Kh1 Ng3+ 20. Kxh2 Nxf5+
21. e5 Rf8 22. Rf1 g6 23. g4 Ne7 24. Rxf8+ Kxf8 25. Nb5 Qd7 26. Nd6 Qe6 27. Qb3
Ned5 28. e4 Nc7 29. Nxb7 Nc4 30. Qf3+ Kg7 31. Bh6+ Kxh6 32. Qf8+ Kg5 33. Kg3 1-0

[Event "Airthings Masters Div 2 L"]
[Site "chess.com INT"]
[Date "2023.02.09"]
[Round "6.1"]
[White "Yu, Yangyi"]
[Black "Yakubboev, Nodirbek"]
[Result "1/2-1/2"]
[WhiteTitle "GM"]
[BlackTitle "GM"]
[WhiteElo "2729"]
[BlackElo "2630"]
[WhiteFideId "8603820"]
[BlackFideId "14203987"]
[EventDate "2023.02.07"]

1. e4 c5 2. Nf3 Nc6 3. Bb5 e6 4. Bxc6 bxc6 5. b3 Ne7 6. d3 d6 7. h4 e5 8. h5 Ng8
9. Nbd2 Be7 10. Nc4 f5 11. Qe2 Nf6 12. Bd2 O-O 13. exf5 Bxf5 14. Ne3 Qd7 15.
Nxf5 Qxf5 16. h6 g6 17. Bg5 Rae8 18. O-O Nd5 19. Bd2 Nf4 20. Bxf4 Qxf4 21. Qe3
Rf5 22. Rae1 Qxe3 23. fxe3 Ref8 24. Nd2 Rxf1+ 25. Rxf1 Rxf1+ 26. Kxf1 Kf7 27.
Ke2 Bf8 28. Ne4 Ke7 29. g4 Bxh6 30. Kf3 Bf8 31. c4 h6 32. Kg3 Ke6 33. Nd2 Be7
34. e4 Bg5 35. Nf3 Bf4+ 36. Kg2 d5 37. Nh4 Bg5 38. Nf3 Bf6 39. Kg3 d4 40. Kh3
Kd6 41. Kg3 Kc7 42. g5 hxg5 43. Kg4 Kd6 44. Nxg5 Ke7 45. Nf3 Kf7 46. Nh2 Kg7 47.
Nf3 Kf7 48. Ne1 Be7 49. Nf3 Bf6 1/2-1/2

[Event "Airthings Masters Div 2 L"]
[Site "chess.com INT"]
[Date "2023.02.09"]
[Round "6.2"]
[White "Yakubboev, Nodirbek"]
[Black "Yu, Yangyi"]
[Result "1/2-1/2"]
[WhiteTitle "GM"]
[BlackTitle "GM"]
[WhiteElo "2630"]
[BlackElo "2729"]
[WhiteFideId "14203987"]
[BlackFideId "8603820"]
[EventDate "2023.02.07"]

1. c4 e6 2. g3 d5 3. Bg2 Nf6 4. Nf3 Be7 5. O-O O-O 6. b3 d4 7. e3 c5 8. Ne5 Nfd7
9. Nd3 Nc6 10. f4 e5 11. f5 a5 12. Bxc6 bxc6 13. e4 a4 14. Na3 Qc7 15. Nc2 axb3
16. axb3 Rxa1 17. Nxa1 Nf6 18. Qe2 g6 19. g4 gxf5 20. gxf5 Kh8 21. Kh1 Rg8 22.
Nc2 Qb8 23. Nce1 Bd6 24. Nf3 Bxf5 25. exf5 e4 26. Nde1 exf3 27. Nxf3 Re8 28. Qd1
Bf4 29. Ba3 Qa7 30. Qa1 Ra8 31. Bb2 Qxa1 32. Bxa1 Ne4 33. Nxd4 Be5 34. Nc2 Bxa1
35. Rxa1 Rxa1+ 36. Nxa1 Nxd2 37. Kg2 Kg7 38. Kg3 Nf1+ 39. Kf4 Nxh2 40. Nc2 Nf1
41. b4 cxb4 42. Nxb4 Nd2 43. c5 Nb3 44. Nxc6 Nxc5 45. Ne5 h6 46. Ng4 Nd7 47. Ne3
Nf6 48. Ke5 h5 49. Kf4 Kh6 50. Ng2 Nd5+ 51. Ke5 Ne7 52. Kf6 Nd5+ 53. Kxf7 Kg5
54. Ke6 Nf6 55. Nh4 Ng4 56. Nf3+ Kf4 57. Nh4 Kg5 58. Nf3+ Kf4 59. Nh4 Kg5 1/2-1/2

[Event "Airthings Masters Div 2 L"]
[Site "chess.com INT"]
[Date "2023.02.09"]
[Round "6.3"]
[White "Yu, Yangyi"]
[Black "Yakubboev, Nodirbek"]
[Result "1-0"]
[WhiteTitle "GM"]
[BlackTitle "GM"]
[WhiteElo "2729"]
[BlackElo "2630"]
[WhiteFideId "8603820"]
[BlackFideId "14203987"]
[EventDate "2023.02.07"]

1. Nf3 Nf6 2. g3 g6 3. Bg2 Bg7 4. c4 O-O 5. Nc3 Nc6 6. O-O d6 7. d3 e5 8. Rb1 a5
9. b3 Re8 10. Bb2 h6 11. h3 Be6 12. e4 Nd7 13. Qd2 Nc5 14. Nd5 Nb4 15. Nxb4 axb4
16. Ra1 Ra6 17. Rfe1 Bd7 18. Bf1 Qa8 19. Qxb4 Rxa2 20. Qc3 Rxa1 21. Rxa1 Qc8 22.
Kh2 f5 23. exf5 Bxf5 24. b4 Ne6 25. Qc2 g5 26. Bg2 Rf8 27. Nd2 c6 28. Ne4 Qd8
29. Re1 Bg6 30. Re2 Kh7 31. c5 dxc5 32. bxc5 b6 33. cxb6 Qxb6 34. Qc4 c5 35. Bc3
Nd4 36. Rb2 Qe6 37. Qxe6 Nxe6 38. Rb7 Nd4 39. Bxd4 cxd4 40. Kg1 Rf7 41. Rb5 Ra7
42. Bf3 Ra3 43. Nc5 Rxd3 44. Nxd3 Bxd3 45. Rb6 e4 46. Bg4 e3 47. fxe3 dxe3 48.
Rd6 Bb5 49. Bf5+ Kg8 50. Bd3 Be8 51. Rd8 Kf7 52. Bg6+ Kxg6 53. Rxe8 h5 54. g4
hxg4 55. hxg4 Bc3 56. Kg2 Bd2 57. Kf3 Kf7 58. Re4 Kf6 59. Ke2 Kf7 60. Kd3 Kf6
61. Kd4 Bc1 62. Kd5 Bd2 63. Re5 Kf7 64. Re6 Kg7 65. Kd6 Kf7 66. Kd7 Bc1 67. Re5
Bd2 68. Re4 Kf6 69. Kd6 Bc1 70. Re6+ Kf7 71. Ke5 Bd2 72. Kf5 Kg7 73. Re4 Kf7 74.
Re5 Kf8 75. Kg6 Bc1 76. Rxg5 Ke7 77. Re5+ Kd6 78. Kf5 Bd2 79. g5 1-0